| 000 | 01001nam a22003257a 4500 | ||
|---|---|---|---|
| 001 | 0000395 | ||
| 003 | KOHA_MİRAKIL | ||
| 005 | 20260207001209.0 | ||
| 007 | ta | ||
| 008 | 101112b2006 tu |||gr||||#||||0|tur | | ||
| 020 |
_a9755918809 _q _cYTL31,69 |
||
| 040 |
_aTR-BiSEU _btur _cTR-BiSEU _erda |
||
| 041 | 0 | _atur | |
| 044 | _ctu | ||
| 050 |
_aTP807 _b.B46 2006 |
||
| 100 | 1 | _aBengisu, Murat . | |
| 245 | 1 |
_aSeramik bilimi ve mühendisliği/ _cMurat Bengisu ; Murat Bengisu. |
|
| 264 | 1 |
_aAnkara : _bNobel Yayın Dağıtım _c2006 |
|
| 300 |
_axviii, 746 sayfa : _bresimli |
||
| 336 |
_ametin _btxt _2rdacontent |
||
| 337 |
_aaracısız _bn _2rdamedia |
||
| 338 |
_acilt _bnc _2rdacarrier |
||
| 490 | 1 |
_aNobel ; _vyayın no: 895 Teknik yayınlar dizisi ; _v69 |
|
| 500 | _aKaynakça ve dizin var. | ||
| 650 | 0 |
_aSeramik. _92480 |
|
| 650 | 0 |
_aMühendislik. _91533 |
|
| 650 | 0 |
_aMalzemeler. _91661 |
|
| 830 | 1 |
_aNobel ; _vyayın no: 895 Teknik yayınlar dizisi ; _v69 _91846 |
|
| 942 |
_2lcc _cBK |
||
| 999 |
_c396 _d396 |
||